1525 1053 1170 1807 1113 1934 1964 1918 1998 1771 1121 1485 1921 1747 1417 1868 1502 1257 1422 1277 1846 1407 1931 1679 1757 1471 1222 1374 1189 1423 1077 1549 1211 1250 1870 1168 1738 1524 1901 1597 1653 1536 1024 1018 1031 1820 1732 1687 1174 1577 1465 1759 1321 1872 1486 1879 1536 1014 1324 1774 1474 1464 1963 1149 1088 1181 1471 1757 1223 1013 1096 1849 1306 1192 1897 1987 1560 1577 1601 1659 1453 1243 1780 1717 1628 1713 1622 1356 1425 1559 1515 1692 1996 1597 1997 1286 1096 1374 1529 BCNSPRNW ULIB Ver.6.0+V

เปลี่ยนเป็นภาษาไทย

Change to English
 แสดงรายละเอียดบรรณานุกรม
  กลับหน้าหลัก

Brief Record : Get Marc (ISO 2709) : E-mail record : QR code < ปิดหน้าต่าง
LEADER : 00000nam 2200000uu 4500
001    13399122559
003     ULIB
008    130731s2552||||th 000 0 tha d
099    ^aวจ.WM172^bป446ศ
100 0  ^aปราณี ศรีสรรพพางค์
245 00 ^aศึกษาความสัมพันธ์ระหว่างความเครียดและการปรับตัวในการสอบขึ้นทะเบียน เพื่อรับใบประกอบวิชาชีพจากสภาการพยาบาล/^cปราณี ศรีสรรพพางค์
260    ^aนครสวรรค์ :^bวิทยาลัยพยาบาลบรมราชชนนี สวรรค์ประชารักษ์ นครสวรรค์,^c2552
300    ^a109 หน้า
650  7 ^aวิทยาลัยพยาบาลบรมราชชนนี สวรรค์ประชารักษ์ นครสวรรค์
650  7 ^aวิชาชีพพยาบาล
945    ^p0^l0^i20007
995    ^aทศพร
999    ^aทศพร เกษรทอง
รายการนี้ยังไม่มีแท็ก
คุณยังไม่ได้ล็อกอิน คุณสามารถมีกิจกรรมร่วมกับเว็บไซต์ได้ แต่ต้องล็อกอินก่อน ::
  ล็อกอิน

รายการสื่อสารสนเทศ

ลำดับที่ ประเภท เลขเรียก/บาร์โค้ด สถานที่ สถานะ
1. งานวิจัย
งานวิจัย
วจ.WM172 ป446ศ ฉ.1 
  Barcode: 20007
ห้องสมุดวิทยาเขตสวรรค์ประชารักษ์
►วิจัย
บนชั้น

รายการใกล้เคียง
    ผู้แต่ง [ปราณี ศรีสรรพพางค์]

    หัวเรื่อง [วิทยาลัยพยาบาลบรมราชชนนี สวรรค์ประชารักษ์ นครสวรรค์]
    หัวเรื่อง [วิชาชีพพยาบาล]

BibComment


ยังไม่เคยถูกคอมเมนท์

คอมเมนท์ทรัพยากรรายการนี้
  คอมเมนท์: ศึกษาความสัมพันธ..


 Copyright 2026. Bcnsprnw @Library